Aeróbna gymnastika

Enregistré dans:
Détails bibliographiques
Format: Livre
Langue:slovaque
Publié: Bratislava Šport 1987
Édition:1. vyd.
Tags: Ajouter un tag
Pas de tags, Soyez le premier à ajouter un tag!

MARC

LEADER 00000nam a2200000 4500
001 c024358
005 20260122161508.5
041 0 |a slo 
044 |a SK 
245 1 0 |a Aeróbna gymnastika  |c Helena Jarkovská ; [Z češ. prel.] Anton Richter 
250 |a 1. vyd. 
264 1 |a Bratislava  |b Šport  |c 1987 
300 |a 206 s.